Jak uspět na veletrhu
Účasť podnikov na veľtrhu a personálne obsadenie veľtržného stánku. Odborná kvalifikácia a osobné vlastnosti zástupcov firmy. Rozdelenie kompetencií. Správanie, vzbudenie záujmu, ochota a kvalifikované vystupovanie, dobrý vzhľad a spôsoby. Získavanie informácií.
Gespeichert in:
| 1. Verfasser: | |
|---|---|
| Format: | Buchkapitel |
| Sprache: | Tschechisch |
| Schlagworte: | |
| Tags: |
Keine Tags, Fügen Sie das erste Tag hinzu!
|
MARC
| LEADER | 00000naa$a2200000$$$4500 | ||
|---|---|---|---|
| 001 | 0023545 | ||
| 005 | 20231106121702.5 | ||
| 041 | 0 | |a cze | |
| 044 | |a CZ | ||
| 245 | 1 | 0 | |a Jak uspět na veletrhu |c Lucie Zumrová |
| 520 | |a Účasť podnikov na veľtrhu a personálne obsadenie veľtržného stánku. Odborná kvalifikácia a osobné vlastnosti zástupcov firmy. Rozdelenie kompetencií. Správanie, vzbudenie záujmu, ochota a kvalifikované vystupovanie, dobrý vzhľad a spôsoby. Získavanie informácií. | ||
| 610 | 2 | 0 | |a veľtrhy |
| 610 | 2 | 0 | |a firmy |
| 610 | 2 | 0 | |a propagácia |
| 610 | 2 | 0 | |a zamestnanci |
| 610 | 2 | 0 | |a kompetencie |
| 610 | 2 | 0 | |a kultúra podniková |
| 610 | 2 | 0 | |a etika |
| 610 | 2 | 0 | |a informácie |
| 100 | 1 | |a Zumrová, Lucie | |